000 00350nam a2200133Ia 4500
008 210210b1984 xxu||||| |||| 00| 0 eng d
082 _a351.1 GOEP
100 _aGOEL (S L).
245 _aPublic personnel administration.
260 _aND
_bSterling Publishers (P) Ltd
_c1984
300 _avii,364
690 _aPublic Administration
906 _a037580
999 _c87845
_d87845